Aktuálny vývoj obchodných vzťahov medzi SR a Taiwanom
Politický kontext vzťahov na pozadí uplatňovania politiky jednej Číny. Obchodné vzťahy medzi Európskou úniou a Taiwanom, ktoré tvoria rámec pre bilaterálne slovensko-taiwanské vzťahy. Vývoj obchodu medzi EÚ a Taiwanom v období rokov 1991-2008. Obchod s Taiwanom podľa členských krajín EÚ. Vývoj vzájo...
Saved in:
| Main Author: | |
|---|---|
| Format: | Book Chapter |
| Language: | Slovak |
| Subjects: | |
| Tags: |
No Tags, Be the first to tag this record!
|
MARC
| LEADER | 00000nla$a2200000$$$4500 | ||
|---|---|---|---|
| 001 | 0117179 | ||
| 005 | 20240502072317.2 | ||
| 041 | 0 | |a slo | |
| 044 | |a SK | ||
| 245 | 1 | 0 | |a Aktuálny vývoj obchodných vzťahov medzi SR a Taiwanom |c Marek Csabay |
| 520 | |a Politický kontext vzťahov na pozadí uplatňovania politiky jednej Číny. Obchodné vzťahy medzi Európskou úniou a Taiwanom, ktoré tvoria rámec pre bilaterálne slovensko-taiwanské vzťahy. Vývoj obchodu medzi EÚ a Taiwanom v období rokov 1991-2008. Obchod s Taiwanom podľa členských krajín EÚ. Vývoj vzájomného obchodu medzi SR a Taiwanom (2007-2008). Bilancia obchodu SR s krajinami Ďalekého východu. | ||
| 610 | 2 | 0 | |a obchod zahraničný |
| 610 | 2 | 0 | |a vývoz |
| 610 | 2 | 0 | |a dovoz |
| 610 | 2 | 0 | |a vzťahy bilaterálne |
| 610 | 2 | 0 | |a politika zahraničná |
| 610 | 2 | 0 | |a Taiwan |
| 610 | 2 | 0 | |a Slovensko |
| 610 | 2 | 0 | |a Európska únia |
| 100 | 1 | |a Csabay, Marek | |